Statistiques concernant Dates 8 novembre

Cliquez ici pour prendre le quiz!

Statistiques générales

  • Ce quiz a été pris 15 fois
  • Le résultat moyen est 10 sur 268

Statistiques - réponses

HintRéponse% Correct
Révolution néolithique- 10 000
50%
Première mention des hébreux dans la Bible- 1200
50%
Premiers villages- 12 000
50%
Découverte de l'Amérique1492
50%
Première utilisation du gaz à Ypres1915
50%
2e destruction du Temple de Jérusalem70
50%
Invention de la poterie- 7000
50%
Agriculture / élevage se développe au Proche-Orient10 000 5 000
25%
Bataille de Bouvines1214
25%
Azincourt1415
25%
Interdiction de la traite en Europe | Retour au suffrage censitaire avec Louis XVIII1815
25%
Premières migrations hors Afrique1,8 M
25%
1ère GM1914 1918
25%
1ère élection du Président au SU1965
25%
Apparition de l'homo sapiens en Afrique- 200 000
25%
homo habilis2,5 M
25%
Gallien met fin aux poursuites260
25%
Le Sénat accorde le titre d'Auguste à Octave- 27
25%
Jésus se présente en Palestine28
25%
Apparition de l'homo2,9 M
25%
homo erectus2 M
25%
Mort de Jésus30
25%
Invention des hiéroglyphes- 3 200
25%
Premiers Etats et premières écritures- 3 300
25%
Invention de la métallurgie- 4 500
25%
Invention du feu- 450 000
25%
Âge de la Terre4,5 milliards
25%
Toumaï7 M
25%
Sacre de Charlemagne800
25%
HomèreVIIIe siècle avant J-C
25%
Schisme1054
0%
Les croisades1095 à 1291
0%
Prise de Jérusalem1099
0%
Création de la SDN10 janvier 1920
0%
Les pleins pouvoirs sont votés à Pétain10 juillet 1940
0%
Prise du pv personnel de Louis XIV10 mars 1661
0%
Règne de Hadrien117 138
0%
Règne de Philippe Auguste1180 1223
0%
Récupération de Jérusalem par Saladin1187
0%
Journée des Dupes11 novembre 1630
0%
Armistice11 novembre 1918
0%
Bataille de Las Navas de Tolosa1212
0%
Règne de Louis IX1226 1270
0%
Règne de Philippe le Bel1285 1314
0%
Edit perpétuel du préteur131
0%
GDCA1337 à 1453
0%
Règne de Charles VI1380 1422
0%
Règne de Antonin138 161
0%
Règne de Charles VII1422 1461
0%
Chevauchée de Jeanne d'Arc1429 1431
0%
Invention de l'imprimerie1450
0%
Léonard de Vinci1452 1519
0%
Castillon | Prise de Constantinople1453
0%
Règne de Louis XI1461 1483
0%
Règne de Charles VIII1483 1498
0%
Traité de Tordesillas1494
0%
Vasco de Gama atteint les Indes par la mer1498
0%
Règne de Louis XII1498 1515
0%
Réalisation de la chapelle Sixtine1508 1512
0%
Marignan1515
0%
Règne de François Ier1515 1547
0%
Règne de François Ier1515 1547
0%
Règne de Charles Quint1516 1556
0%
95 thèses de Luther1517
0%
1ère circumnavigation de Magellan1519 1522
0%
Règne de Soliman le Magnifique1520 1566
0%
Excommunication de Luther1521
0%
Fondation des Jésuites1534
0%
Ordonnance de Villers-Cotterêts1539
0%
Règne de Henri II1547 1559
0%
Règne de François II1559 1560
0%
Règne de Charles IX1560 1574
0%
Guerres de Religion1562 1598
0%
Saint Barthélémy1572
0%
Règne de Henri III1574 1589
0%
Règne de Henri IV1589 1610
0%
Edit de Nantes | Traité de Vervins1598
0%
Conférence de Berlin15 novembre 1884 au 26 février 1885
0%
Règne de Louis XIII1610 1643
0%
Règne de Marc Aurèle161 180
0%
Règne de Louis XIV1643 1715
0%
Traité de Westphalie1648
0%
Fronde1648 1653
0%
Traité des Pyrénées1659
0%
Révocation de l'édit de Nantes1685
0%
Publication de l'Encyclopédie1751 à 1772
0%
Machine à vapeur de James Watt1769
0%
Martyr des chrétiens à Lyon177
0%
Guerre d'indépendance américaine1775 à 1783
0%
Suffrage censitaire et indirect1791
0%
1ère abolition de l'esclavage1794
0%
Suffrage universel masculin limité par liste de confiance1799
0%
Napoléon signe le Concordat1801
0%
Règne de Commode180 192
0%
Rétablissement de l'esclavage1802
0%
Napoléon crée le franc germinal1803
0%
Congrès de Vienne1814 1815
0%
Suffrage censitaire élargi1830
0%
Abolition définitive de l'esclavage | Printemps des peuples | Suffrage universel masculin (sauf militaires)1848
0%
Lénine1870 1924
0%
Gouvernement Belge envisage une installation au Congo1876
0%
1ère guerre des Boers (rivalité entre les britanniques et les nééerlandais)1880 1881
0%
Conquête de la Tunisie par la France | Fondation de Brazzaville | Lois sur la liberté de la presse1881
0%
Lois Ferry1881 1886
0%
Conquête de l'Egypte par l'Angleterre1882
0%
Début de la mission de Marchand1896
0%
Incident de Fachoda1898
0%
Affaire Dreyfus1898 1906
0%
2e guerre des Boers1899 1902
0%
Coup de Tanger (rivalité franco-allemande pour le Maroc) | Séparation de l'Eglise et de l'Etat1905
0%
Une femme peut disposer librement de son revenu1907
0%
Coup d'Agadir (rivalité franco-alllemande pour le Maroc)1911
0%
Génocide arménien1915 1916
0%
Début de la révolte d'Abdelkrim1921
0%
Guerre du Rif1921 1935
0%
Soubresauts révolutionnaires1926 à 1935
0%
Mort de Didius Julianus193
0%
Expositionn coloniale internationale à Paris1931
0%
Hitler au pouvoir1933 1945
0%
Tentative de coup d'état par l'E-D1934
0%
Lois de Nuremberg1935
0%
Agressions nazies en Europe1935 à 1939
0%
Victoire du Front Populaire1936
0%
1ere phase de la 2 GM1939 à 1942
0%
2e phase de la 2 GM1942 à 1945
0%
Création du CNR | Mise en place du STO1943
0%
Conférence de Brazzaville | Droit de vote des femmes1944
0%
Création de l'ONU | Droit de vote des militaires | libération des camps + procès de Nuremberg1945
0%
Création d'un commissariat au plan pour la reconstruction | Début de la IVe République1946
0%
Crise de Berlin | Signature de la DUDH1948
0%
Guerre de Corée1950 à 1953
0%
Naissance de la CECA1951
0%
Mort de Staline1953
0%
Conférence de Bandung1955
0%
Régularisation des immigrés sur présentation d'un contrat de travail1956
0%
Traité de Rome (CEE)1957
0%
De Gaulle1958 1969
0%
Conférence de Belgrade1961
0%
Acccords d'Evian1962
0%
Mort de Clodius Albinus197
0%
Pompidou1970 1974
0%
1er élargissement (Angleterre, Irlande et Ecosse)1973
0%
VGE avance l'âge du droit de vote à 18 ans1974
0%
Fin de l'immigration du travail, début du regroupement familial1974 1977
0%
VGE1974 1981
0%
Reprise des tensions1975
0%
2e élargissement (Grèce)1981
0%
Mitterrand1981 1995
0%
Gorbatchev arrive au pouvoir1985
0%
3e élargissement (Espagne et Portugal) | Généralisation des visas obligatoires pour rentrer sur le territoire1986
0%
Chute du mur de Berlin | Création du Haut Conseil de l'Intégration1989
0%
Guerre du Golfe1991
0%
Citoyenneté européenne qui élargit encore le droit de vote (Maastricht) | Traité de Maastricht1992
0%
4e élargissement (Autriche, Suède et Finlande)1995
0%
Chirac1995 2007
0%
Libération de Paris19 au 25 août 1944
0%
Invasion irakienne du Koweït2003
0%
5e élargissement (pays de l'Est comme la Bulgarie)2004 à 2013
0%
Sarkozy2007 à 2012
0%
Hollande2012 2017
0%
Macron2017
0%
Empire Han- 206 220
0%
édit de Caracalla212
0%
Pétain signe l'armistice22 juin 1940
0%
Proclamation de la République22 septembre 1792
0%
Mitterrand et Kohl à Verdun22 septembre 1984
0%
Crise du IIIe siècle235 à 285
0%
Saccage de l'église de Nicomédie23 février 303
0%
Empire Parthe- 247 224
0%
persécution chrétienne de Trajan Dèce249
0%
Entrevue de Montoire24 octobre 1940
0%
persécution chrétienne de Valérien257 258
0%
Adoption de la Charte des Nations Unies25 juin 1945
0%
Adoption de la DDHC26 août 1789
0%
Période du dominat285 à 476
0%
Mort de Robespierre28 juillet 1794
0%
Référendum pour la Constitution de la Ve République28 septembre 1958
0%
Mise en place de la tétrarchie293
0%
Napoléon devient Empereur2 décembre 1804
0%
Le Japon signe l'armistice2 septembre 1945
0%
Règne de Constantin306 337
0%
Hitler devient chancellier30 janvier 1933
0%
Octave est proclamé imperator- 31
0%
Bataille du Pont Milvius et conversion de Constantin312
0%
Edit de Milan313
0%
Concile de Nicée325
0%
Edit de Théodose380
0%
Christianisme est la religion officielle392
0%
partitio imperii395
0%
Rhin franchi par des barbares407
0%
Sac de Rome410
0%
Guerre du Péloponnèse431 404
0%
Déposition de Romulus Augustule476
0%
Bataille des Thermopyles + Salamine- 480
0%
2e guerre médique482 479
0%
Bataille de Marathon- 490
0%
1ère guerre médique492 490
0%
Adoption de la Constitution américaine4 juillet 1776
0%
Proclamation de la IIIe République4 septembre 1870
0%
Monarchie romaine ---- République- 509
0%
Victoire de César sur Vercingétorix à Alésia- 52
0%
Règne de Justinien (Empereur Byzantin)527 à 565
0%
1ère destruction du Temple de Jérusalem- 587
0%
Exil des Hébreux à Babylone587 538
0%
L'Hégire622
0%
Mort de Mahomet632
0%
Hiroshima et Nagasaki6 et 9 août 1945
0%
Débarquement des Alliés en Normandie6 juin 1944
0%
Fondation de Rome- 753
0%
Règne de Charlemagne768 à 814
0%
Attaque de Pearl Harbor7 décembre 1941
0%
Traités de Strasbourg842
0%
Traité de Verdun843
0%
Armistice franco-allemande8 mai 1945
0%
Règne de Trajan98 117
0%
Couronnement de Hugues Capet987
0%
Mort de Mazarin9 mars 1661
0%
Période de détenteannées 1960
0%
Arrivée des BRICS et passage à un monde multipolaireannées 2000
0%
Construction du mur de Berlinaoût 1961
0%
Bataille du Chemin des Damesavril octobre 1917
0%
Implosion de l'URSSdécembre 1991
0%
Intensification des conquêtes colonialesdès 1870
0%
Mise en place des camps de concentrationdès 1933
0%
Bataille de Verdunfévrier décembre 1916
0%
Révolutions russesfévrier et octobre 1917
0%
Début de la RI en Angleterrefin du XVIIIe siècle
0%
Empire KouchanIer au IIIe siècle
0%
Pax RomanaIer et IIe siècle
0%
Conférence de Wanseejanvier 1942
0%
Expédition de Marchand face aux soldats anglaisjuillet 1898
0%
Bataille de Stalingradjuillet 1942 à février 1943
0%
Bataille de la Sommejuillet novembre 1916
0%
Bataille d'Anoualjuin 1921
0%
La Débaclemai et juin 1940
0%
Diffusion de la RI en Europemilieu du XIXe
0%
Coup d'état du 18 brumairenovembre 1799
0%
Crise économiqueoctobre 1929
0%
Crise de Cubaoctobre 1962
0%
Capture d'Abdelkrimprintemps 1926
0%
Début de la monarchie constitutionnelleseptembre 1791
0%
2e RIvers 1880
0%
Conquête romaine de l'Italie + bassin méditerranéenVe siècle avant J-C Ier siècle après J-C
0%
Expansion de RomeVIe siècle avant J-C
0%
Les traites négrièresVIIe au XIXe siècle
0%
Ecriture de la Bible hébraïqueVIIIe siècle IIIe siècle
0%
Fondation des colonies grecquesVIIIe VIe siècle
0%
20% de la population vit en villeXIVe siècle
0%
Renaissance et humanismeXVe et XVIe siècles
0%
Siècle des LumièresXVIIIe
0%

Distribution des résultats

Percentile par nombre de réponses

% des personnes avec chaque résultat

Votre développement - résultats

Vous n’avez pas pris ce quiz